International Journal of Nursing Education (Record no. 37376)

MARC details
000 -LEADER
fixed length control field 00459nam a2200145Ia 4500
022 ## - INTERNATIONAL STANDARD SERIAL NUMBER
ISSN 0974- 9349
050 ## - CALL MARK
Classification number RT1. I58
245 ## - TITLE STATEMENT
Title International Journal of Nursing Education
250 ## - EDITION / VOLUME STATEMENT
Edition / Volume statement Vol. 17, No. 3
260 ## - PUBLICATION, DISTRIBUTION, ETC. (IMPRINT)
Place of publication New Delhi, India
Name of publisher Institute of Medico‑Legal Publications (India)
Year of publication 2025
300 ## - PHYSICAL DESCRIPTION
Number of Pages iii, 76 p. :ill. ; 27 cm.
650 ## - SUBJECT ADDED ENTRY--TOPICAL TERM
Topical Term Nursing--Periodicals Nursing--Study and teaching--Periodicals
942 ## - ADDED ENTRY ELEMENTS (KOHA)
Koha item type Serials
Source of classification Library of Congress Classification

No items available.